Catálogo
 En Linea

Evaluación de la calidad de atención a la embarazada y al niño sano en centros de primer nivel de atención de las regiones de salud III.IV, V y VI de la República Dominicana : (Registro nro. 51181)

Detalles MARC
000 -CABECERA
campo de control de longitud fija 00934nam a22002297a 4500
003 - IDENTIFICADOR DEL NÚMERO DE CONTROL
campo de control DO-SdBNP
005 - FECHA Y HORA DE LA ÚLTIMA TRANSACCIÓN
campo de control 20220118101628.0
008 - DATOS DE LONGITUD FIJA--INFORMACIÓN GENERAL
campo de control de longitud fija 220118b2010 ||||| |||| 00| 0 spa d
040 ## - FUENTE DE LA CATALOGACIÓN
Centro catalogador/agencia de origen DO-SdBNP
Lengua de catalogación spa
Centro/agencia transcriptor BNPHU
082 ## - NÚMERO DE LA CLASIFICACIÓN DECIMAL DEWEY
Número de clasificación xxx
Número de documento/Ítem C397e
110 ## - ENTRADA PRINCIPAL--NOMBRE DE ENTIDAD CORPORATIVA
Nombre de entidad corporativa o nombre de jurisdicción como elemento de entrada Centro Nacional de Investigaciones En Salud Materno-Infantil
Unidad subordinada Dr. Hugo Mendoza
9 (RLIN) 80958
245 ## - MENCIÓN DE TÍTULO
Título Evaluación de la calidad de atención a la embarazada y al niño sano en centros de primer nivel de atención de las regiones de salud III.IV, V y VI de la República Dominicana :
Resto del título resultados de la segunda fase /
Mención de responsabilidad, etc. Editado por Eddy Pérez-Then
260 ## - PUBLICACIÓN, DISTRIBUCIÓN, ETC.
Lugar de publicación, distribución, etc. Santo Domingo :
Nombre del editor, distribuidor, etc. CENISMI,
Fecha de publicación, distribución, etc. 2010
300 ## - DESCRIPCIÓN FÍSICA
Extensión 104 p. :
Dimensiones 28 cm
490 ## - MENCIÓN DE SERIE
Mención de serie Serie de publicaciones técnicas 1
590 ## - NOTA LOCAL (RLIN)
Nota local Inventariado, 2022 / DG
650 ## - PUNTO DE ACCESO ADICIONAL DE MATERIA--TÉRMINO DE MATERIA
Término de materia o nombre geográfico como elemento de entrada Perinatología
9 (RLIN) 80959
650 ## - PUNTO DE ACCESO ADICIONAL DE MATERIA--TÉRMINO DE MATERIA
Término de materia o nombre geográfico como elemento de entrada Atención hospitalaria
9 (RLIN) 80960
700 ## - PUNTO DE ACCESO ADICIONAL--NOMBRE DE PERSONA
Nombre de persona Pérez Then, Eddy
Término indicativo de función/relación editor
9 (RLIN) 80961
910 ## - DATOS DE OPCIÓN DEL USUARIO (OCLC)
Datos de opción del usuario D/G
942 ## - ELEMENTOS DE PUNTO DE ACCESO ADICIONAL (KOHA)
Fuente del sistema de clasificación o colocación Dewey Decimal Classification
Tipo de ítem Koha Libro
Existencias
Estado de retiro Estado de pérdida Fuente del sistema de clasificación o colocación Restricciones de uso No para préstamo Código de colección Localización permanente Ubicación/localización actual Ubicación en estantería Total de préstamos Signatura topográfica completa Código de barras Fecha visto por última vez Precio válido a partir de Tipo de ítem Koha Fecha de adquisición Número de copia
    Dewey Decimal Classification Préstamo en sala   Monografías: Libros y Folletos Biblioteca Nacional Pedro Henríquez Ureña Dominicana En catalogación   xxx C397e 2022-0122 18.01.2022 18.01.2022 Libro 01.09.2020 e.3
    Dewey Decimal Classification Préstamo restringido   Monografías: Libros y Folletos Biblioteca Nacional Pedro Henríquez Ureña Patrimonio Dominicano En catalogación   xxx C397e 2022-0120 18.01.2022 18.01.2022 Libro    
    Dewey Decimal Classification Préstamo interno   Monografías: Libros y Folletos Biblioteca Nacional Pedro Henríquez Ureña Patrimonio Dominicano En catalogación   xxx C397e 2022-0121 18.01.2022 18.01.2022 Libro 01.09.2020 e.2

Con tecnología Koha